| 000 | 00386nam a2200145Ia 4500 | ||
|---|---|---|---|
| 008 | 150201s2010 xx 000 0 und d | ||
| 082 |
_a617.63 _bO2010O |
||
| 100 | _aONGOLE,RAVI KIRAN | ||
| 245 | _aTEXT BOOK OF ORAL MEDICINE ,ORAL DIAGNOSIS AND ORAL RADIOLOGY | ||
| 250 | _a1ST | ||
| 260 |
_bELSEVIER _aDELHI _c2010 |
||
| 300 | _a1-824 | ||
| 650 | _aORAL MEDICINE | ||
| 942 |
_2ddc _cBK _05 |
||
| 999 |
_c4579 _d4579 |
||